000
00263nam a2200109Ia 4500
008
230320s9999||||xx |||||||||||||| ||spa||
082
_a
227.1/W26
100
_a
Wand, J.W.C.
245
0
_a
Lo Que Verdaderamente Dijo San Pablo
260
_b
Aguilar
942
_8
0
_c
LIB
999
_c
26700
_d
26700